Theory and practice of infrared technology for nondestructive testing / (Record no. 31721)

000 -LEADER
fixed length control field 01533cam a22003614a 4500
001 - CONTROL NUMBER
control field 12141065
003 - CONTROL NUMBER IDENTIFIER
control field OSt
005 - DATE AND TIME OF LATEST TRANSACTION
control field 20211014103356.0
008 - FIXED-LENGTH DATA ELEMENTS--GENERAL INFORMATION
fixed length control field 000814s2001 nyua 001 0 eng
010 ## - LIBRARY OF CONGRESS CONTROL NUMBER
LC control number 00063344
020 ## - INTERNATIONAL STANDARD BOOK NUMBER
International Standard Book Number 0471181900 (cloth : alk. paper)
038 ## - RECORD CONTENT LICENSOR
Staff Name Khadija
040 ## - CATALOGING SOURCE
Original cataloging agency DLC
Transcribing agency DLC
Modifying agency DLC
042 ## - AUTHENTICATION CODE
Authentication code pcc
050 00 - LIBRARY OF CONGRESS CALL NUMBER
Classification number TA417.5
Item number .M35 2001
082 00 - DEWEY DECIMAL CLASSIFICATION NUMBER
Classification number 621.1127
Edition number 21
Author Mark MAL
100 1# - MAIN ENTRY--PERSONAL NAME
Personal name Maldague, Xavier,
Dates associated with a name 1959-
9 (RLIN) 55176
245 10 - TITLE STATEMENT
Title Theory and practice of infrared technology for nondestructive testing /
Statement of responsibility, etc. Xavier P.V. Maldague.
260 ## - PUBLICATION, DISTRIBUTION, ETC.
Place of publication, distribution, etc. New York ;
Name of publisher, distributor, etc. Wiley,
Date of publication, distribution, etc. 2001.
300 ## - PHYSICAL DESCRIPTION
Extent xix, 684 p. :
Other physical details ill. ;
Dimensions 24 cm.
440 #0 - SERIES STATEMENT/ADDED ENTRY--TITLE
Title Wiley series in microwave and optical engineering
9 (RLIN) 55177
500 ## - GENERAL NOTE
General note "A Wiley-Interscience publication."
500 ## - GENERAL NOTE
General note Includes index.
563 ## - BINDING INFORMATION
Binding note Hardcover
650 #0 - SUBJECT ADDED ENTRY--TOPICAL TERM
Topical term or geographic name entry element Nondestructive testing.
9 (RLIN) 38315
650 #0 - SUBJECT ADDED ENTRY--TOPICAL TERM
Topical term or geographic name entry element Infrared technology.
9 (RLIN) 55178
856 42 - ELECTRONIC LOCATION AND ACCESS
Materials specified Contributor biographical information
Uniform Resource Identifier <a href="http://www.loc.gov/catdir/bios/wiley042/00063344.html">http://www.loc.gov/catdir/bios/wiley042/00063344.html</a>
856 42 - ELECTRONIC LOCATION AND ACCESS
Materials specified Publisher description
Uniform Resource Identifier <a href="http://www.loc.gov/catdir/description/wiley034/00063344.html">http://www.loc.gov/catdir/description/wiley034/00063344.html</a>
856 4# - ELECTRONIC LOCATION AND ACCESS
Materials specified Table of Contents
Uniform Resource Identifier <a href="http://www.loc.gov/catdir/toc/onix05/00063344.html">http://www.loc.gov/catdir/toc/onix05/00063344.html</a>
906 ## - LOCAL DATA ELEMENT F, LDF (RLIN)
a 7
b cbc
c orignew
d 1
e ocip
f 20
g y-gencatlg
942 ## - ADDED ENTRY ELEMENTS (KOHA)
Source of classification or shelving scheme
Koha item type Book
Holdings
Withdrawn status Lost status Source of classification or shelving scheme Damaged status Not for loan Permanent Location Current Location Shelving location Date acquired Full call number Barcode Date last seen Price effective from Koha item type
          School of Mechanical & Manufacturing Engineering (SMME) School of Mechanical & Manufacturing Engineering (SMME) General Stacks 06/30/2015 621.1127 MAL SMME-244 03/27/2018 06/30/2015 Book
© 2023 Central Library, National University of Sciences and Technology. All Rights Reserved.